000 01649nam a22002417a 4500
003 OSt
005 20260211054444.0
008 181120b2014 ||||| |||| 00| 0 eng
020 _a9781447308706
040 _cnls
082 _a339.46 GUB
100 _aGubrium, Erika K.
245 _aThe shame of it :
_cglobal perspectives on anti-poverty policies /
_bedited by Erika K. Gubrium, Sony Pellissery and Ivar Lødemel
260 _aLondon :
_bPolity Press,
_c2014.
300 _a248 p. ;
_c23 cm.
505 _aResetting the stage ~ Erika K. Gubrium; New urban poverty and new welfare provision: China’s Dibao system ~ Ming Yan; Thick poverty, thicker society and thin state: Policy spaces for human dignity in India ~ Sony Pellissery & Leemamol Mathew; Self-sufficiency, social assistance and the shaming of poverty in South Korea ~ Yongmie Nicola Jo & Robert Walker; ‘Not good enough’: Social assistance and shaming in Norway ~ Erika K. Gubrium & Ivar Lødemel; Pakistan: A journey of poverty-induced shame ~ Sohail Choudhry; Separating the sheep from the goats: Tackling poverty in Britain for over four centuries ~ Robert Walker & Elaine Chase; ‘Food That Cannot Be Eaten’: The shame of Uganda’s anti-poverty policies ~ Grace Bantebya Kyomuhendo & Amon Mwiine; Shame and shaming in policy processes ~ Sony Pellissery, Ivar Lødemel & Erika K. Gubrium; Towards global principles for dignity-based anti-poverty policies ~ Erika K. Gubrium & Ivar Lødemel.
650 _aPoverty
650 _aAnti-poverty policies
700 _aGubrium, Erika K.
700 _aPellissery, Sony
700 _aLødemel, Ivar
942 _2ddc
_cBK
999 _c112147
_d112147